00881cam a2200265 450000100060000000300080000600500170001400800390003103500190007004000320008904100080012108200210012910000350015024500510018525000120023626000420024830000260029035000120031650400320032865000330036065000400039394200120043399900170044595201530046216318BD-RjUL20211209000008.0140213s1974 ii b 001 0 eng a(BD-RjUL)16373 aDLCcDLCdDLCdBD-RjULbeng aeng00a309.2620954bBHU1 aBhardwaj, R. K.,d1905-91652810aUrban development in India /c R. K. Bhardwaj. a1st ed. aDelhi :bNational [Pub. House,c1974. axiv, 456 p. ;c25 cm. aRs70.00 aBibliography: p. [433]-437. 0aCity planningzIndia.950448 0aUrban transportationzIndia.950449 2ddccBK c16318d16318 00102ddc40718NFICaRUCLbRUCLcReadingd1978-09-27eIndia int. calultag70.00l0o309.2620954 BHU 1974r2014-02-13 00:00:00tC-1w2014-02-13yBK